Bezpečnostné cvičenia s databázovými systémami na kybernetickom polygóne

Salvato in:
Dettagli Bibliografici
Autore principale: Beňo, Viktor (Autore)
Altri autori: Hudec, Ladislav (Relatore della tesi)
Natura: Manoscritto Libro
Lingua:slovacco
Pubblicazione: 2022
Soggetti:
Accesso online:http://is.stuba.sk/zp/portal_zp.pl?podrobnosti=163820
Tags: Aggiungi Tag
Nessun Tag, puoi essere il primo ad aggiungerne!!

MARC

LEADER 00000ntm a22000003a 4500
001 stuzp90774
003 SK-STU
005 20220618212350.0
007 ta
008 150427s2015----xo-----f-mn---000-0-slo-d
040 |a STU  |b slo 
041 0 |a slo 
100 1 |a Beňo, Viktor  |u 070400  |4 aut  |U FIIT Fakulta informatiky a informačných technológií  |T FIIT Ústav počítačového inžinierstva a aplikovanej informatiky  |X 85769  |U I400  |Y 672  |7 85769 
242 0 1 |a Security exercises with database systems for cyber range  |y eng 
245 1 0 |a Bezpečnostné cvičenia s databázovými systémami na kybernetickom polygóne 
260 |c 2022 
650 4 |a kybernetický polygón  |2 slo 
650 4 |a cyber sandbox creator  |2 slo 
650 4 |a databázové systémy  |2 slo 
650 4 |a bezpečnostné cvičenia  |2 slo 
650 4 |a database systems  |2 eng 
650 4 |a cyber sandbox creator  |2 eng 
650 4 |a security exercises  |2 eng 
650 4 |a cyber range  |2 eng 
700 1 |a Hudec, Ladislav  |u 070400  |k Z1  |4 ths  |U FIIT Fakulta informatiky a informačných technológií  |T FIIT Ústav počítačového inžinierstva a aplikovanej informatiky  |X 2081  |U I400  |Y 672  |7 2081 
856 4 |u http://is.stuba.sk/zp/portal_zp.pl?podrobnosti=163820